|
|
|
|
| LEADER |
01171nam a2200253 a 4500 |
| 001 |
2575799 |
| 008 |
110208s1994 bg a b 000 0 ben d |
| 010 |
|
|
|a 95903661
|
| 020 |
|
|
|a 9840731491
|
| 040 |
|
|
|a DLC
|c DLC
|d BD-DhAAL
|
| 082 |
0 |
0 |
|a 305.6/971095414
|2 22
|
| 245 |
1 |
0 |
|a মোহাম্মদী পত্রিকায় মুসলিম সমাজ /
|c সংগ্রহ ও সম্পাদনা দিলওয়ার হোসেন
|
| 260 |
|
|
|a ঢাকা :
|b বাংলা একাডেমী,
|c ১৯৯৪
|
| 300 |
|
|
|a ২0, ১২৯ পৃ. ;
|c ২২ সে.মি.
|
| 504 |
|
|
|a Includes bibliographical references (p. 16 (1st group)).
|
| 541 |
|
|
|e 00021601
|
| 650 |
|
0 |
|a Muslims
|z India
|z Bengal
|x Social conditions.
|
| 651 |
|
0 |
|a Bengal (India)
|x Social conditions.
|
| 651 |
|
0 |
|a Bangladesh
|x Social conditions.
|
| 700 |
1 |
|
|a হোসেন, দিলওয়ার
|
| 710 |
2 |
|
|a বাংলা একাডেমী
|
| 852 |
4 |
|
|a Ayesha Abed Library
|j General shelf
|
| 999 |
|
|
|c 10443
|d 10443
|
| 952 |
|
|
|0 0
|1 0
|2 ddc
|4 0
|6 305_697109541400000_MOH
|7 0
|9 14364
|a BDI
|b BDI
|c GEN
|d 2011-02-13
|l 0
|o 305.6971095414 MOH
|p 3050021601
|r 2011-02-13
|t 1
|w 2011-02-13
|y BK
|